[Event "26. Copenhagen Open  (Politiken Cup)"]
[Site "Taastrup"]
[Date "2004.07.30"]
[Round "8"]
[White "Carlsen, Ellen Oen"]
[Black "Hansen, Martin"]
[Result "1/2-1/2"]
[WhiteElo "1183"]
[BlackElo "1732"]
[PlyCount "112"]
[EventDate "2004.07.24"]
[EventType "swiss"]
[EventRounds "10"]
[EventCountry "DEN"]
[SourceDate "2004.01.01"]

1. e4 e6 2. d4 d5 3. Nc3 Nf6 4. e5 Nfd7 5. f4 c5 6. Nf3 Nc6 7. Be3 a6 8. Qd2
cxd4 9. Nxd4 Nxd4 10. Bxd4 Bc5 11. O-O-O Bxd4 12. Qxd4 Qb6 13. Qxb6 Nxb6 14.
Bd3 Bd7 15. g4 Na4 16. Nxa4 Bxa4 17. Rhf1 Bb5 18. f5 Bxd3 19. Rxd3 Ke7 20. Rc3
Rac8 21. Rcf3 Rhf8 22. Kd2 Rc4 23. Rf4 Rxf4 24. Rxf4 f6 25. exf6+ Rxf6 26. Rb4
b5 27. Ke3 exf5 28. gxf5 Rxf5 29. a4 Kd6 30. axb5 axb5 31. Rg4 g6 32. Rh4 h5
33. b3 Re5+ 34. Kd3 Rg5 35. c4 bxc4+ 36. bxc4 dxc4+ 37. Kxc4 Ke5 38. Kd3 Kf5
39. Ke3 Rg4 40. Rh3 Rg1 41. Kf2 Ra1 42. Kg2 Ra2+ 43. Kg1 Kg5 44. Rg3+ Kh6 45.
Rb3 h4 46. Rb8 Kh5 47. h3 Ra5 48. Kg2 Kg5 49. Rh8 Ra7 50. Rf8 Ra4 51. Kf3 Ra2
52. Rb8 Rh2 53. Rb5+ Kh6 54. Kg4 Rg2+ 55. Kxh4 Rg1 56. Rh5+ gxh5 1/2-1/2

[Event "26. Copenhagen Open  (Politiken Cup)"]
[Site "Taastrup"]
[Date "2004.07.30"]
[Round "8"]
[White "Carlstedt, Jonathan"]
[Black "Malmberg, Mio"]
[Result "0-1"]
[WhiteElo "1774"]
[BlackElo "2114"]
[PlyCount "52"]
[EventDate "2004.07.24"]
[EventType "swiss"]
[EventRounds "10"]
[EventCountry "DEN"]
[SourceDate "2004.01.01"]

1. c4 c5 2. Nf3 Nc6 3. g3 g6 4. Bg2 Bg7 5. O-O e5 6. Nc3 Nge7 7. e3 O-O 8. Ne2
d5 9. cxd5 Nxd5 10. d4 cxd4 11. exd4 e4 12. Ne5 f5 13. f4 Be6 14. g4 Qb6 15.
Kh1 Rad8 16. b3 Ndb4 17. gxf5 Bxf5 18. Nc4 Qc7 19. Be3 Nd3 20. Nc3 Nxd4 21.
Bxe4 Bxe4+ 22. Nxe4 Nf5 23. Qg4 Nxe3 24. Nxe3 Bxa1 25. Rxa1 Qc6 26. f5 Nf2+ 0-1

[Event "26. Copenhagen Open  (Politiken Cup)"]
[Site "Taastrup"]
[Date "2004.07.30"]
[Round "8"]
[White "Eddy, Samuel"]
[Black "Refsgaard, Kaj"]
[Result "1-0"]
[WhiteElo "2048"]
[BlackElo "1493"]
[PlyCount "137"]
[EventDate "2004.07.24"]
[EventType "swiss"]
[EventRounds "10"]
[EventCountry "DEN"]
[SourceDate "2004.01.01"]

1. d4 d5 2. Nc3 Nf6 3. Bg5 e6 4. e4 Be7 5. Bxf6 Bxf6 6. Nf3 O-O 7. e5 Be7 8.
Bd3 c5 9. dxc5 Bxc5 10. h4 Nc6 11. Bxh7+ Kxh7 12. Ng5+ Kg6 13. Qd3+ f5 14.
exf6+ Kxf6 15. Nh7+ Ke7 16. Nxf8 Qxf8 17. O-O-O Qf4+ 18. Kb1 Ne5 19. Nxd5+ exd5
20. Qxd5 Nd7 21. Rhe1+ Kf8 22. Qh5 Kg8 23. Re8+ Bf8 24. Rxd7 Bxd7 25. Qd5+ Qf7
26. Qxf7+ Kxf7 27. Rxa8 a6 28. Rb8 Bc6 29. f3 Be7 30. Rh8 g6 31. Rh7+ Kf6 32.
h5 g5 33. b3 Bc5 34. Kc1 Ke5 35. h6 Kf4 36. Rf7+ Kg3 37. h7 Bd4 38. Kd2 Kxg2
39. Ke2 Bb5+ 40. c4 Bc6 41. Rf8 Be5 42. Ke3 Bb2 43. a4 Bc1+ 44. Ke2 Bb2 45. Rf5
g4 46. fxg4 Kg3 47. Rf8 Kxg4 48. h8=Q Bxh8 49. Rxh8 Kf5 50. Kd3 Ke5 51. Rh7 Kd6
52. Kd4 Bf3 53. Rh6+ Kc7 54. Kc3 Bd1 55. Rh7+ Kc8 56. Kb4 Kb8 57. Rh3 Ka7 58.
a5 Be2 59. Kc5 Bg4 60. Rh8 Bd7 61. b4 Ba4 62. b5 axb5 63. cxb5 b6+ 64. axb6+
Kb7 65. Rh7+ Kb8 66. Kc6 Bxb5+ 67. Kxb5 Ka8 68. Ka6 Kb8 69. Rh8# 1-0

[Event "26. Copenhagen Open  (Politiken Cup)"]
[Site "Taastrup"]
[Date "2004.07.30"]
[Round "8"]
[White "Edvardsson, Hannu Kalervo"]
[Black "Hein, Jacob"]
[Result "1-0"]
[WhiteElo "1289"]
[BlackElo "1351"]
[PlyCount "193"]
[EventDate "2004.07.24"]
[EventType "swiss"]
[EventRounds "10"]
[EventCountry "DEN"]
[SourceDate "2004.01.01"]

1. e4 e5 2. c4 Nf6 3. d3 Bc5 4. Be2 c6 5. Nf3 Qb6 6. O-O Ng4 7. Qe1 O-O 8. h3
Nxf2 9. Rxf2 Bxf2+ 10. Qxf2 Qxf2+ 11. Kxf2 f5 12. Kg1 d6 13. Nc3 Na6 14. Be3 f4
15. Bf2 Bd7 16. a3 Rac8 17. Bxa7 Ra8 18. Bf2 Nb4 19. Rc1 Na6 20. Kh1 Nc7 21.
Bb6 Ne6 22. Bf2 Rfb8 23. Rc2 b5 24. cxb5 cxb5 25. Nd5 Ra6 26. Be1 Kf7 27. Bb4
Rc8 28. Rxc8 Bxc8 29. Bc3 Rc6 30. Kh2 g5 31. Nb4 Rc7 32. Nd5 Rc6 33. Nb4 Rc5
34. Nd5 h6 35. Nb4 Nc7 36. Kg1 Ke6 37. Nh2 Kf6 38. Bg4 Bb7 39. Bf3 Kg6 40. Ng4
Ne6 41. Kf2 Bc8 42. Nd5 Ba6 43. Nb4 Bb7 44. Nh2 Ng7 45. Nf1 Rc8 46. Nd2 Rf8 47.
Kg1 h5 48. Nf1 Ne8 49. Nh2 Nf6 50. Bd2 Bc8 51. Bc3 g4 52. hxg4 hxg4 53. Be2 Rg8
54. Nd5 f3 55. Ne7+ Kf7 56. Nxg8 fxe2 57. Nxf6 Kxf6 58. Kf2 Kg5 59. Kxe2 Kf4
60. Nf1 g3 61. Be1 Bg4+ 62. Kd2 Be6 63. Bxg3+ Kg4 64. Ke3 Bb3 65. Be1 d5 66.
exd5 Bxd5 67. g3 Kh3 68. Kf2 Be6 69. Bc3 Kg4 70. Bxe5 Kf5 71. d4 Ke4 72. Ne3
Bb3 73. Ke2 Bf7 74. Kd2 Ba2 75. Nc2 Be6 76. Kc3 Kd5 77. Kb4 Kc6 78. Ne3 Bd7 79.
g4 Be8 80. g5 Kb6 81. Nd5+ Kc6 82. Nf4 Bf7 83. g6 Bg8 84. g7 Kb6 85. Ng6 Bc4
86. Ne7 Ka6 87. g8=Q Bxg8 88. Nxg8 Kb6 89. Nf6 Kc6 90. Ne4 Kd5 91. Nc3+ Kc6 92.
Nxb5 Kd5 93. a4 Kc6 94. Kc4 Kb7 95. Kc5 Kc8 96. Kb6 Kd7 97. Kb7 1-0

[Event "26. Copenhagen Open  (Politiken Cup)"]
[Site "Taastrup"]
[Date "2004.07.30"]
[Round "8"]
[White "Eiholt, Bjarne"]
[Black "Kotiranta, Vinni"]
[Result "1-0"]
[WhiteElo "1542"]
[BlackElo "1150"]
[PlyCount "45"]
[EventDate "2004.07.24"]
[EventType "swiss"]
[EventRounds "10"]
[EventCountry "DEN"]
[SourceDate "2004.01.01"]

1. d4 Nf6 2. c4 d5 3. cxd5 Nxd5 4. e4 Nb6 5. Bd3 Nc6 6. Nf3 Bg4 7. Be3 Bxf3 8.
gxf3 Nxd4 9. Bxd4 Qd6 10. e5 Qe6 11. Nc3 O-O-O 12. Bxb6 Qxb6 13. Qc2 e6 14.
O-O-O c6 15. Na4 Qa5 16. Rhe1 Rd5 17. Be4 Bb4 18. Bxd5 Bxe1 19. Bxc6 bxc6 20.
Qxc6+ Kb8 21. Rd7 Qb4 22. Qc7+ Ka8 23. Qxa7# 1-0

[Event "26. Copenhagen Open  (Politiken Cup)"]
[Site "Taastrup"]
[Date "2004.07.30"]
[Round "8"]
[White "Engelbert, Christoph"]
[Black "Sammalvuo, Niina"]
[Result "0-1"]
[WhiteElo "2213"]
[BlackElo "2268"]
[PlyCount "80"]
[EventDate "2004.07.24"]
[EventType "swiss"]
[EventRounds "10"]
[EventCountry "DEN"]
[SourceDate "2004.01.01"]

1. e4 e5 2. Nf3 Nc6 3. d4 exd4 4. Bc4 Bc5 5. O-O d6 6. h3 Nf6 7. Re1 O-O 8. c3
dxc3 9. Nxc3 h6 10. a3 Nh7 11. b4 Bb6 12. Nd5 Be6 13. Nxb6 axb6 14. Bf1 Nxb4
15. Bxh6 gxh6 16. axb4 Qf6 17. Rc1 Rfc8 18. Nd4 c6 19. Nxe6 Qxe6 20. Bc4 Qf6
21. Re3 Rf8 22. Qh5 Kh8 23. Rce1 Ra1 24. Rxa1 Qxa1+ 25. Kh2 Qe5+ 26. Qxe5+ dxe5
27. b5 Ng5 28. f3 Rd8 29. Rc3 c5 30. Bd5 Rd7 31. Ra3 Ne6 32. Ra8+ Kg7 33. Re8
Nd4 34. Bc4 Nc2 35. Rxe5 Ne3 36. Bd5 c4 37. Re8 Nxd5 38. exd5 Rxd5 39. Re4 c3
40. Re1 Rxb5 0-1

[Event "26. Copenhagen Open  (Politiken Cup)"]
[Site "Taastrup"]
[Date "2004.07.30"]
[Round "8"]
[White "Erikstad, Olav"]
[Black "Fredriksen, Jan Gunnar"]
[Result "0-1"]
[WhiteElo "1503"]
[BlackElo "1766"]
[PlyCount "56"]
[EventDate "2004.07.24"]
[EventType "swiss"]
[EventRounds "10"]
[EventCountry "DEN"]
[SourceDate "2004.01.01"]

1. e4 e5 2. f4 exf4 3. Bc4 d6 4. Nf3 Bg4 5. d4 g5 6. O-O Bg7 7. c3 Nh6 8. Qb3
O-O 9. h4 Bxf3 10. Rxf3 g4 11. Rxf4 Qxh4 12. Bd2 Nc6 13. Qd1 Nxd4 14. Be1 Qg5
15. Bd2 Qc5 16. Be3 Qxc4 17. Bxd4 Bxd4+ 18. cxd4 c5 19. Rf6 Kg7 20. Rxd6 Rad8
21. b3 Qb5 22. Rxd8 Rxd8 23. d5 Qb4 24. Nd2 Qd4+ 25. Kh1 f5 26. Qe1 fxe4 27.
Rc1 Rxd5 28. Nxe4 Rh5+ 0-1

[Event "26. Copenhagen Open  (Politiken Cup)"]
[Site "Taastrup"]
[Date "2004.07.30"]
[Round "8"]
[White "Fant, Goran"]
[Black "Norton, Craig"]
[Result "0-1"]
[WhiteElo "1997"]
[BlackElo "2108"]
[PlyCount "144"]
[EventDate "2004.07.24"]
[EventType "swiss"]
[EventRounds "10"]
[EventCountry "DEN"]
[SourceDate "2004.01.01"]

1. d4 Nf6 2. c4 e6 3. Nf3 d5 4. Nc3 Be7 5. Bg5 h6 6. Bh4 O-O 7. e3 b6 8. cxd5
Nxd5 9. Bxe7 Qxe7 10. Nxd5 exd5 11. Qc2 Be6 12. Bd3 c5 13. dxc5 bxc5 14. Rc1
Nd7 15. O-O Rab8 16. b3 Rb4 17. a3 Rb6 18. a4 Bg4 19. Nd2 Ne5 20. f3 Nxd3 21.
Qxd3 Bc8 22. Rfe1 Rd8 23. Qc3 Rc6 24. b4 c4 25. b5 Rcd6 26. Qd4 Re8 27. Nf1 Rg6
28. Ra1 Qb7 29. Kf2 Bf5 30. Ra2 Bd3 31. Ng3 Rg5 32. Rb2 Qb6 33. Ne2 Rge5 34.
Qxb6 axb6 35. Nd4 f5 36. f4 R5e7 37. Ra2 Rc8 38. Nc6 Rxc6 39. bxc6 Rc7 40. Rc1
Rxc6 41. Ra3 Be4 42. g3 h5 43. Ke1 Kf7 44. Kd2 Ke7 45. Kc3 Kd7 46. Kd4 Kc7 47.
Ra2 Kd6 48. Rb2 Kc7 49. Rb5 Kd6 50. Kc3 Kc7 51. Ra1 Rg6 52. a5 bxa5 53. Rbxa5
Rb6 54. Ra7+ Rb7 55. R1a6 Bf3 56. Rxb7+ Kxb7 57. Rg6 Kc7 58. Kd4 Kd7 59. Rxg7+
Ke6 60. Rg6+ Kf7 61. Rc6 Kg7 62. Ke5 Be4 63. Rc7+ Kg6 64. Ke6 Bf3 65. Rc8 Be4
66. Rg8+ Kh7 67. Kf7 c3 68. Rc8 c2 69. Kf6 Bd3 70. Kg5 Bc4 71. Rc7+ Kg8 72. Kf6
c1=Q 0-1

[Event "26. Copenhagen Open  (Politiken Cup)"]
[Site "Taastrup"]
[Date "2004.07.30"]
[Round "8"]
[White "Frank Nielsen, Marie"]
[Black "Werner, Gert"]
[Result "1/2-1/2"]
[WhiteElo "1895"]
[BlackElo "2085"]
[PlyCount "39"]
[EventDate "2004.07.24"]
[EventType "swiss"]
[EventRounds "10"]
[EventCountry "DEN"]
[SourceDate "2004.01.01"]

1. e4 g6 2. h4 h5 3. d4 Bg7 4. Nc3 c6 5. Be3 d5 6. f3 dxe4 7. fxe4 Nh6 8. Be2
Ng4 9. Bxg4 Bxg4 10. Nf3 Nd7 11. Qd2 Qa5 12. O-O-O O-O-O 13. Kb1 Kb8 14. Qf2
Nb6 15. Ne2 Nc4 16. Bf4+ e5 17. dxe5 Ka8 18. Nc1 Bxf3 19. gxf3 Bxe5 20. Nb3
1/2-1/2

[Event "26. Copenhagen Open  (Politiken Cup)"]
[Site "Taastrup"]
[Date "2004.07.30"]
[Round "8"]
[White "Fries Nielsen, Jens Ove"]
[Black "Gvein, Kenneth"]
[Result "1-0"]
[WhiteElo "2398"]
[BlackElo "2102"]
[PlyCount "53"]
[EventDate "2004.07.24"]
[EventType "swiss"]
[EventRounds "10"]
[EventCountry "DEN"]
[SourceDate "2004.01.01"]

1. e4 c5 2. Nc3 Nc6 3. f4 g6 4. Nf3 Bg7 5. Bb5 Nd4 6. O-O Nxb5 7. Nxb5 a6 8.
Nc3 d6 9. d3 b5 10. Qe1 b4 11. Ne2 Bg4 12. Qg3 Bxf3 13. Qxf3 Ra7 14. f5 Nf6 15.
Bg5 O-O 16. Nf4 Qd7 17. Qh3 Re8 18. Qh4 Rf8 19. Rf3 d5 20. Rh3 h5 21. fxg6 fxg6
22. Nxg6 Ng4 23. Nxf8 Kxf8 24. Qxh5 dxe4 25. Rf1+ Nf6 26. Bxf6 Bxf6 27. Qg6 1-0

[Event "26. Copenhagen Open  (Politiken Cup)"]
[Site "Taastrup"]
[Date "2004.07.30"]
[Round "8"]
[White "Greiff, Hakan"]
[Black "Christensen, Janus"]
[Result "1-0"]
[WhiteElo "2253"]
[BlackElo "2054"]
[PlyCount "59"]
[EventDate "2004.07.24"]
[EventType "swiss"]
[EventRounds "10"]
[EventCountry "DEN"]
[SourceDate "2004.01.01"]

1. e4 c5 2. Nf3 d6 3. Nc3 Bg4 4. d4 cxd4 5. Qxd4 a6 6. Be3 e6 7. Be2 Nc6 8. Qd2
Be7 9. h3 Bh5 10. g4 Bg6 11. g5 b5 12. a3 Bh5 13. Rg1 Qc7 14. Nd4 Bxe2 15.
Ncxe2 Ne5 16. b3 Qb7 17. f4 Nd7 18. Ng3 Rc8 19. f5 e5 20. Nde2 Qc6 21. O-O-O
Nc5 22. Bxc5 Bxg5 23. Qxg5 Qxc5 24. Qd2 Nf6 25. Kb2 O-O 26. Rg2 Rfd8 27. Nc3 b4
28. axb4 Qxb4 29. Nd5 Nxd5 30. exd5 1-0

[Event "26. Copenhagen Open  (Politiken Cup)"]
[Site "Taastrup"]
[Date "2004.07.30"]
[Round "8"]
[White "Hansen, Erik Friberg"]
[Black "Asbjornsson, Sverrir"]
[Result "0-1"]
[WhiteElo "1286"]
[BlackElo "1000"]
[PlyCount "82"]
[EventDate "2004.07.24"]
[EventType "swiss"]
[EventRounds "10"]
[EventCountry "DEN"]
[SourceDate "2004.01.01"]

1. c4 e5 2. d3 Nf6 3. Nc3 Nc6 4. g3 Bc5 5. e3 O-O 6. Bg2 d6 7. Nge2 Be6 8. O-O
Qd7 9. Na4 Bb6 10. Nxb6 axb6 11. a3 Bh3 12. Bd2 Rfe8 13. e4 Bxg2 14. Kxg2 Ne7
15. Bg5 Qe6 16. Nc3 h6 17. Bxf6 Qxf6 18. f4 exf4 19. Rxf4 Qe6 20. Rf2 Rf8 21.
Nd5 Nxd5 22. cxd5 Qd7 23. Qf1 c6 24. dxc6 bxc6 25. d4 Rfe8 26. Qd3 Qe6 27. Re2
c5 28. d5 Qe5 29. Rf1 f6 30. Rf5 Qe7 31. Rf4 Qd7 32. Qc3 Re5 33. Qf3 Ra4 34.
Qg4 Qxg4 35. Rxg4 g5 36. Kf3 h5 37. Rf4 gxf4 38. Kxf4 Kf7 39. Kf3 Ra8 40. Kf4
Rae8 41. Re3 Kg6 0-1

[Event "26. Copenhagen Open  (Politiken Cup)"]
[Site "Taastrup"]
[Date "2004.07.30"]
[Round "8"]
[White "Hansen, John Laurids"]
[Black "Marcussen, Johnni A"]
[Result "1-0"]
[WhiteElo "1688"]
[BlackElo "1359"]
[PlyCount "43"]
[EventDate "2004.07.24"]
[EventType "swiss"]
[EventRounds "10"]
[EventCountry "DEN"]
[SourceDate "2004.01.01"]

1. e4 e5 2. Nf3 Nc6 3. Bc4 Bc5 4. d3 Nf6 5. Nc3 h6 6. O-O d6 7. Be3 Bb6 8. Bxb6
axb6 9. h3 O-O 10. a3 Be6 11. Bxe6 fxe6 12. Ne2 d5 13. Ng3 dxe4 14. dxe4 Qe7
15. c3 Rad8 16. Qb3 Nd7 17. Rad1 Nc5 18. Qc2 b5 19. b4 Na4 20. c4 Na7 21. cxb5
Nb6 22. Nxe5 1-0

[Event "26. Copenhagen Open  (Politiken Cup)"]
[Site "Taastrup"]
[Date "2004.07.30"]
[Round "8"]
[White "Hansen, Torbjorn Ringdal"]
[Black "Olsen, Peter Erik"]
[Result "1/2-1/2"]
[WhiteElo "2346"]
[BlackElo "2243"]
[PlyCount "72"]
[EventDate "2004.07.24"]
[EventType "swiss"]
[EventRounds "10"]
[EventCountry "DEN"]
[SourceDate "2004.01.01"]

1. e4 c6 2. Nc3 d5 3. Nf3 dxe4 4. Nxe4 Nf6 5. Nxf6+ exf6 6. d4 Bd6 7. Bd3 O-O
8. O-O Bg4 9. h3 Bh5 10. Bf5 Na6 11. c3 Nc7 12. Qd3 Bg6 13. Bd2 Nd5 14. Rfe1
Nf4 15. Bxf4 Bxf4 16. Bxg6 hxg6 17. Re4 Bd6 18. Rae1 Qd7 19. Nd2 Rfd8 20. b4 c5
21. bxc5 Bxc5 22. Qc2 Bf8 23. a4 Rac8 24. Qb3 Qc7 25. R4e3 b6 26. Qb5 Bd6 27.
Re8+ Rxe8 28. Rxe8+ Rxe8 29. Qxe8+ Kh7 30. Ne4 Bh2+ 31. Kh1 Bf4 32. g3 f5 33.
gxf4 fxe4 34. Qxe4 Qxc3 35. Kg2 Qc4 36. f5 gxf5 1/2-1/2

[Event "26. Copenhagen Open  (Politiken Cup)"]
[Site "Taastrup"]
[Date "2004.07.30"]
[Round "8"]
[White "Hartvig, Ove Weiss"]
[Black "Tadjerbashi, Amir"]
[Result "1/2-1/2"]
[WhiteElo "2270"]
[BlackElo "2095"]
[PlyCount "49"]
[EventDate "2004.07.24"]
[EventType "swiss"]
[EventRounds "10"]
[EventCountry "DEN"]
[SourceDate "2004.01.01"]

1. e4 e5 2. d4 exd4 3. Qxd4 Nc6 4. Qe3 Nf6 5. Nc3 Bb4 6. Bd2 O-O 7. O-O-O Re8
8. Qg3 Rxe4 9. a3 Bd6 10. f4 Re8 11. Nf3 Bc5 12. f5 d5 13. Bh6 Bf8 14. Bc4 Ne7
15. Nh4 Qd6 16. Bf4 Qc5 17. Bd3 d4 18. Nb5 Nxf5 19. Nxf5 Bxf5 20. b4 Qc6 21.
Nxd4 Qc3 22. Nb5 Qc6 23. Nd4 Qc3 24. Nb5 Qc6 25. Nd4 1/2-1/2

[Event "26. Copenhagen Open  (Politiken Cup)"]
[Site "Taastrup"]
[Date "2004.07.30"]
[Round "8"]
[White "Henrichsen, Jens"]
[Black "Lfstrand, Johannes"]
[Result "0-1"]
[WhiteElo "2084"]
[BlackElo "1856"]
[PlyCount "74"]
[EventDate "2004.07.24"]
[EventType "swiss"]
[EventRounds "10"]
[EventCountry "DEN"]
[SourceDate "2004.01.01"]

1. d4 d5 2. c4 c6 3. Nf3 Nf6 4. g3 Bf5 5. Qb3 Qb6 6. c5 Qxb3 7. axb3 h6 8. e3
g5 9. Nc3 Bg7 10. b4 O-O 11. b5 Ne4 12. bxc6 bxc6 13. Be2 Nd7 14. O-O e5 15.
Rd1 Rfb8 16. Ra6 Rc8 17. Kg2 Rc7 18. h3 Re8 19. g4 Bg6 20. Kf1 Rb8 21. Kg2 Nf8
22. Ne1 Rb4 23. Nd3 Rb3 24. Nxe4 Bxe4+ 25. f3 Bxd3 26. Bxd3 exd4 27. exd4 Ne6
28. Bc2 Rb4 29. Ra4 Rcb7 30. Ra6 Nxd4 31. Ba4 Rc7 32. b3 Nxb3 33. Bxc6 Nxc5 34.
Ra5 Rxc6 35. Rxd5 Nb3 36. Ba3 Nxa5 37. Bxb4 Nc4 0-1

[Event "26. Copenhagen Open  (Politiken Cup)"]
[Site "Taastrup"]
[Date "2004.07.30"]
[Round "8"]
[White "Holm, Sejer"]
[Black "Laursen, Niels Norskov"]
[Result "0-1"]
[WhiteElo "2296"]
[BlackElo "2097"]
[PlyCount "56"]
[EventDate "2004.07.24"]
[EventType "swiss"]
[EventRounds "10"]
[EventCountry "DEN"]
[SourceDate "2004.01.01"]

1. d4 Nf6 2. c4 c5 3. e3 g6 4. Nc3 Bg7 5. d5 d6 6. Nge2 O-O 7. Nf4 Na6 8. Be2
Nc7 9. a4 b6 10. g4 e5 11. Ng2 Nfe8 12. O-O f5 13. gxf5 gxf5 14. e4 f4 15. Bg4
Bxg4 16. Qxg4 Rf6 17. Kh1 Rh6 18. Ne2 Nf6 19. Qf3 Qd7 20. Ng1 Kh8 21. Bd2 Ng4
22. h3 Rg8 23. Ra3 Bf6 24. Qe2 Bd8 25. Rfa1 a5 26. Ne1 Ne3 27. Rxe3 fxe3 28.
Qxe3 Bg5 0-1

[Event "26. Copenhagen Open  (Politiken Cup)"]
[Site "Taastrup"]
[Date "2004.07.30"]
[Round "8"]
[White "Holst, Conny"]
[Black "Nielsen, Max"]
[Result "1/2-1/2"]
[WhiteElo "2141"]
[BlackElo "2259"]
[PlyCount "70"]
[EventDate "2004.07.24"]
[EventType "swiss"]
[EventRounds "10"]
[EventCountry "DEN"]
[SourceDate "2004.01.01"]

1. d4 Nf6 2. c4 c5 3. d5 b5 4. a4 b4 5. Nd2 e5 6. e4 d6 7. g3 g6 8. h4 Bg7 9.
Bh3 Bxh3 10. Nxh3 a5 11. Qe2 Nbd7 12. Nf1 h6 13. b3 Qe7 14. Bb2 O-O-O 15. O-O-O
Rdf8 16. f4 exf4 17. gxf4 Ne8 18. Bxg7 Nxg7 19. Qf3 Re8 20. Ng3 f5 21. e5 dxe5
22. d6 e4 23. dxe7 exf3 24. Rhe1 Kc7 25. Rd3 Rh7 26. Rxf3 Nh5 27. Nxh5 gxh5 28.
Rfe3 Nf6 29. Re5 Ne4 30. Rxf5 Rhxe7 31. Rxh5 Re6 32. Re5 Rxe5 33. fxe5 Rxe5 34.
Nf4 Kd6 35. Rd1+ Kc6 1/2-1/2

[Event "26. Copenhagen Open  (Politiken Cup)"]
[Site "Taastrup"]
[Date "2004.07.30"]
[Round "8"]
[White "Hyldkrog, Lars"]
[Black "Willumsen, Niels Henrik"]
[Result "0-1"]
[WhiteElo "2080"]
[BlackElo "2178"]
[PlyCount "52"]
[EventDate "2004.07.24"]
[EventType "swiss"]
[EventRounds "10"]
[EventCountry "DEN"]
[SourceDate "2004.01.01"]

1. e4 c5 2. Nf3 d6 3. d4 cxd4 4. Nxd4 Nf6 5. Nc3 g6 6. Be3 Bg7 7. f3 Nc6 8. Qd2
O-O 9. O-O-O d5 10. exd5 Nxd5 11. Nxc6 bxc6 12. Bd4 e5 13. Bc5 Be6 14. Bxf8
Qxf8 15. Kb1 Rb8 16. Nxd5 cxd5 17. b3 a5 18. h4 a4 19. h5 e4 20. hxg6 hxg6 21.
fxe4 axb3 22. cxb3 Qa3 23. Qc2 dxe4 24. Rh3 Bxh3 25. gxh3 Qe7 26. a4 Qa3 0-1

[Event "26. Copenhagen Open  (Politiken Cup)"]
[Site "Taastrup"]
[Date "2004.07.30"]
[Round "8"]
[White "Jaeger, Frode Bull"]
[Black "Hvenekilde, Jorgen"]
[Result "1/2-1/2"]
[WhiteElo "2035"]
[BlackElo "2239"]
[PlyCount "77"]
[EventDate "2004.07.24"]
[EventType "swiss"]
[EventRounds "10"]
[EventCountry "DEN"]
[SourceDate "2004.01.01"]

1. d4 Nf6 2. Bg5 d6 3. Bxf6 gxf6 4. Nd2 f5 5. e3 Nd7 6. g3 Nf6 7. Bg2 c6 8. Ne2
Qb6 9. b3 h5 10. h4 a5 11. O-O Bg7 12. c4 Bd7 13. Rc1 Qc7 14. c5 d5 15. Nf4 e6
16. a3 Ke7 17. b4 Bh6 18. Bf3 Ng4 19. Nb3 axb4 20. axb4 Rag8 21. Qd2 f6 22. b5
e5 23. dxe5 fxe5 24. Bxd5 exf4 25. Bxg8 fxe3 26. Qd6+ Qxd6 27. cxd6+ Kf6 28.
Nc5 exf2+ 29. Kg2 Rxg8 30. Nxd7+ Ke6 31. Nc5+ Kxd6 32. Rfd1+ Ke5 33. Nd3+ Kf6
34. bxc6 Bxc1 35. Rxc1 bxc6 36. Rxc6+ Ke7 37. Nxf2 f4 38. Nxg4 Rxg4 39. Rc3
1/2-1/2

[Event "26. Copenhagen Open  (Politiken Cup)"]
[Site "Taastrup"]
[Date "2004.07.30"]
[Round "8"]
[White "Jensen, Alexander Lindberg"]
[Black "Fjellheim, Marius"]
[Result "1-0"]
[WhiteElo "1567"]
[BlackElo "1237"]
[PlyCount "87"]
[EventDate "2004.07.24"]
[EventType "swiss"]
[EventRounds "10"]
[EventCountry "DEN"]
[SourceDate "2004.01.01"]

1. Nf3 e6 2. g3 f5 3. Bg2 Nf6 4. d3 d5 5. Nbd2 Bd6 6. b3 O-O 7. Bb2 Bd7 8. c4
c6 9. Qc2 Be8 10. c5 Bc7 11. Ne5 Nbd7 12. Nxd7 Qxd7 13. f4 Bh5 14. Bf3 Bxf3 15.
Nxf3 Ba5+ 16. Bc3 Bxc3+ 17. Qxc3 Rae8 18. Ne5 Qc7 19. e3 Nd7 20. d4 Nxe5 21.
fxe5 a5 22. O-O Ra8 23. a3 g6 24. b4 axb4 25. axb4 b6 26. Rfc1 b5 27. Rxa8 Rxa8
28. Ra1 Ra4 29. Rxa4 bxa4 30. Qa3 Qa7 31. b5 cxb5 32. c6 Qa5 33. Qc1 Qc7 34.
Qc5 Kf7 35. Qxb5 a3 36. Qa4 a2 37. Qxa2 Qxc6 38. Qa7+ Kf8 39. Qxh7 Qc1+ 40. Kf2
Qd2+ 41. Kf3 Qe1 42. Kf4 Qf2+ 43. Kg5 Qxe3+ 44. Kf6 1-0

[Event "26. Copenhagen Open  (Politiken Cup)"]
[Site "Taastrup"]
[Date "2004.07.30"]
[Round "8"]
[White "Jensen, Brian W"]
[Black "Lauritsen, Martin Lee"]
[Result "0-1"]
[WhiteElo "1623"]
[BlackElo "2040"]
[PlyCount "84"]
[EventDate "2004.07.24"]
[EventType "swiss"]
[EventRounds "10"]
[EventCountry "DEN"]
[SourceDate "2004.01.01"]

1. Nf3 Nf6 2. d3 g6 3. e4 d6 4. g3 Bg7 5. Bg2 O-O 6. O-O Nc6 7. c3 e5 8. Na3 h6
9. Nc2 Kh7 10. Nh4 Ng8 11. Ne3 Nce7 12. Qe1 c6 13. f4 exf4 14. gxf4 f5 15. Qg3
Qe8 16. Kh1 Qf7 17. Nc4 Rd8 18. e5 dxe5 19. fxe5 Qe6 20. Qe3 Nd5 21. Qh3 Nge7
22. Nf3 Qg8 23. Ng5+ Kh8 24. Nd6 Rf8 25. c4 Nc7 26. Rf4 h5 27. Rh4 Bxe5 28.
Rxh5+ gxh5 29. Qxh5+ Kg7 30. Ngf7 Bxd6 31. Bh6+ Kf6 32. Nxd6 Rd8 33. c5 Ne6 34.
Rg1 Rxd6 35. cxd6 Ng6 36. Bh3 Nd4 37. Qg5+ Kf7 38. Re1 Be6 39. Qe3 Bd5+ 40. Bg2
Bxg2+ 41. Kxg2 Nf4+ 42. Kf2 Qg2# 0-1

[Event "26. Copenhagen Open  (Politiken Cup)"]
[Site "Taastrup"]
[Date "2004.07.30"]
[Round "8"]
[White "Jensen, Leif"]
[Black "Abrahamsson, Daniel"]
[Result "1-0"]
[WhiteElo "2057"]
[BlackElo "1803"]
[PlyCount "79"]
[EventDate "2004.07.24"]
[EventType "swiss"]
[EventRounds "10"]
[EventCountry "DEN"]
[SourceDate "2004.01.01"]

1. e4 d5 2. exd5 c6 3. dxc6 Nxc6 4. Nf3 Bg4 5. Be2 Nf6 6. h3 Bh5 7. c3 e5 8. d4
e4 9. Ne5 Nxe5 10. dxe5 Qxd1+ 11. Bxd1 Bxd1 12. exf6 Bh5 13. fxg7 Bxg7 14. Be3
O-O 15. g4 Bg6 16. Nd2 h5 17. Nb3 b5 18. a3 a5 19. Nd4 b4 20. axb4 axb4 21. Kd2
bxc3+ 22. bxc3 Rfb8 23. Rhb1 Kh7 24. Kc2 Rc8 25. Rxa8 Rxa8 26. gxh5 Bxh5 27.
Rb6 Bg6 28. Kb2 Re8 29. Kb3 Be5 30. h4 f6 31. Rb7+ Kg8 32. Nc6 Bf7+ 33. c4 Bd6
34. Rd7 Bf8 35. Rd8 f5 36. Bg5 Re6 37. Ne7+ Kg7 38. Nxf5+ Kg6 39. Rxf8 Rb6+ 40.
Kc3 {Time} 1-0

[Event "26. Copenhagen Open  (Politiken Cup)"]
[Site "Taastrup"]
[Date "2004.07.30"]
[Round "8"]
[White "Jensen, Mads"]
[Black "Thestrup, Sixten"]
[Result "1/2-1/2"]
[WhiteElo "1277"]
[BlackElo "1917"]
[PlyCount "118"]
[EventDate "2004.07.24"]
[EventType "swiss"]
[EventRounds "10"]
[EventCountry "DEN"]
[SourceDate "2004.01.01"]

1. d4 f5 2. Nc3 Nf6 3. Bg5 e6 4. e4 fxe4 5. Nxe4 Be7 6. Bxf6 Bxf6 7. Nf3 Nc6 8.
c3 O-O 9. Bd3 d5 10. Nxf6+ Qxf6 11. h4 e5 12. dxe5 Nxe5 13. Be2 c6 14. Qd4
Nxf3+ 15. Bxf3 Re8+ 16. Kd2 Qh6+ 17. Kc2 Bf5+ 18. Kb3 Be4 19. Bxe4 Rxe4 20. Qc5
Qe6 21. Rad1 Re2 22. Rhf1 b6 23. Qd4 Re4 24. Qd3 Re8 25. g3 a5 26. a4 b5 27.
axb5 Rb8 28. Ka2 Rxb5 29. b3 a4 30. b4 d4+ 31. Ka1 Qb3 32. Rd2 Qxc3+ 33. Qxc3
dxc3 34. Rc2 Rbxb4 35. Rxc3 Rbc4 36. Rxc4 Rxc4 37. Kb2 Kf7 38. f3 Kf6 39. h5
Kg5 40. g4 Kf4 41. h6 gxh6 42. Rh1 Kg5 43. Rh5+ Kg6 44. Rf5 h5 45. Rxh5 Rf4 46.
Rh3 h6 47. Ka3 c5 48. Rg3 Kf7 49. Rh3 Rf6 50. Kxa4 Ke6 51. Kb3 Kd5 52. Kc3 Kc6
53. f4 Kb5 54. g5 hxg5 55. fxg5 Ra6 56. Kb2 Rg6 57. Rg3 c4 58. Kc3 Ra6 59. Rg4
Rg6 1/2-1/2